[Event "NOR-chT Eliteserien 2021-22"]
[Site "Norway"]
[Date "2022.02.04"]
[Round "4.5"]
[White "Ekeberg, Carl Fredrik"]
[Black "Kaasen, Tor Fredrik"]
[Result "0-1"]
[WhiteElo "2276"]
[BlackElo "2458"]
[Annotator "TA"]
[PlyCount "76"]
[EventDate "2021.10.29"]
[EventType "team-tourn"]
[EventCountry "NOR"]
[SourceTitle "playchess.com"]
[Source "ChessBase"]
[SourceQuality "1"]

{[%evp 9,76,-7,-5,-6,-12,-7,6,10,-2,-9,22,14,4,7,0,0,0,7,32,20,41,0,0,0,0,-3,0,-12,0,-58,-52,-97,-86,-77,-28,-114,-49,-101,-59,-135,-125,-129,-127,-127,-127,-114,-7,-112,-112,-135,-117,-108,-104,-102,-58,-49,-61,-148,-146,-118,-125,-822,-299,-271,-100,-225,-224,-29966,-1335]} 1. e4 {[%cal Be2e4,Be4e5][%mdl 32]} c5 2. c3 Nf6 3. e5 Nd5 4. Nf3 d6 5. Bc4 Nb6 6. Bb3 {B22: Sicilian: 2 c3.} c4 7. Bc2 dxe5 8. Nxe5 {The position is equal.} Qd5 9. Nf3 Qe6+ 10. Kf1 g6 11. b3 Bg7 12. Na3 cxb3 $1 13. axb3 {[#]} Nd5 $146 ({Predecessor:} 13... O-O 14. d4 Nc6 15. h4 h5 16. Bg5 Qd7 17. Qe1 Nd5 18. Rd1 b5 19. c4 bxc4 20. bxc4 Ba6 {½-½ (70) Mamedyarov,S (2770)-Giri,A (2780) chess24.com INT 2021}) 14. Bb2 Qc6 15. Nc4 (15. Qe1 $14) 15... O-O $11 16. d4 Qc7 17. Qd2 Nc6 18. Re1 (18. h4 $5 {[%cal Rh4h5]}) 18... Rd8 19. h3 (19. h4 $11) 19... b5 $15 20. Ne3 (20. Nce5 $15) 20... Nxe3+ $1 $17 21. fxe3 Bb7 (21... a5 $17) 22. Kf2 (22. h4 $1 $11) 22... Rac8 (22... a5 $17 23. Bd3 a4) 23. Bd3 ({Better is} 23. Rhf1 $1 $15) 23... Na5 (23... e5 $17 {[%cal Ob5b4]} 24. Bxb5 e4) 24. Bxb5 (24. b4 $1 $15 Nc4 25. Bxc4 Qxc4 26. Qe2) 24... Nxb3 25. Qe2 e5 {Black is more active.} 26. Rd1 Qb6 27. Rhe1 Rb8 ({Black should try} 27... Bxf3 $17 28. gxf3 Rb8) 28. Bc4 (28. Nxe5 $11 {was the only way to keep the balance.} Bxe5 29. dxe5) 28... Na5 29. Ba3 Nxc4 30. Qxc4 Rdc8 31. Bc5 Qf6 (31... Bxf3 $17 32. Kxf3 Qf6+ 33. Kg3 exd4 34. cxd4 Bf8) 32. e4 $15 Bf8 $36 {[%mdl 2048] Black is more active. A strong pair of Bishops.} 33. Ra1 (33. Kg1 $15) 33... exd4 $17 34. cxd4 {[#]} Bxe4 $1 ({Of course not} 34... Bxc5 $6 35. dxc5 a6 36. Kg1 $11) 35. Qa6 $2 {[%mdl 8192]} (35. Rxe4 $17 Bxc5 36. Kg1) 35... Qf4 $2 (35... Rb2+ 36. Re2 Rc6) 36. Qe2 $19 Re8 (36... Bxc5 37. Qxe4 Rb2+ 38. Kf1 Qxe4 39. Rxe4 $17) (36... Bxf3 $19 {and Black stays clearly on top.} 37. Qxf3 Rb2+ 38. Kg1 Qxf3 39. gxf3 Bxc5 40. dxc5 Rxc5) 37. Bxf8 (37. Qd2 $17 Bh6 38. Qxf4 Bxf4 39. Re2) 37... Bxf3 {Dancing on a razor blade.} ({Weaker is} 37... Kxf8 38. Qe3 Qf6 39. Qd2 $17) 38. Qxe8 $2 (38. Qxf3 $19 Qxd4+ 39. Kg3 Rxe1 40. Rxe1 Kxf8 41. Kh2) 38... Be4+ {Weighted Error Value: White=0.58/Black=0.41} (38... Bc6+ $142 39. Kg1 Rxe8 40. Bh6 Rxe1+ 41. Rxe1 Qxh6 42. d5 {[#]} Qd2 $1 43. Re5 Qd4+ 44. Kf1 Bb5+ 45. Ke1 Qxe5+ 46. Kd2 Qd4+ 47. Kc2 Ba4+ 48. Kc1 Qc3+ 49. Kb1 Bb3 50. h4 Qc2+ 51. Ka1 Qc1#) 0-1

[Event "NOR-chT Eliteserien 2021-22"]
[Site "Norway"]
[Date "2022.02.04"]
[Round "4.5"]
[White "Kjolberg, Jens Hjorth"]
[Black "Ranaldi, Lucas"]
[Result "0-1"]
[WhiteElo "2154"]
[BlackElo "2337"]
[Annotator "TA"]
[PlyCount "152"]
[EventDate "2021.10.29"]
[EventType "team-tourn"]
[EventCountry "NOR"]
[SourceTitle "playchess.com"]
[Source "ChessBase"]
[SourceQuality "1"]

{[%evp 20,152,0,-20,18,0,0,13,12,0,14,10,55,45,33,40,40,35,70,37,37,38,51,34,57,54,73,42,56,48,47,45,44,35,33,34,36,19,25,0,13,10,13,-27,-16,-46,-50,-57,-15,-17,-14,-41,-13,-31,-27,-24,-27,-39,-60,-82,-66,-175,0,-20,-19,-22,-39,-54,-16,-13,-14,-14,-25,-25,0,-2,-6,-4,-4,-4,-4,-102,-102,-96,-85,-102,-95,-95,-85,-132,0,-117,0,0,0,0,0,-8,0,0,0,0,0,0,0,0,0,0,0,0,0,0,0,0,0,0,0,0,0,0,0,0,0,-7,0,-453,-455,-431,-403,-445,-441,-837,-709,-1318,-933]} 1. d4 Nf6 2. c4 e6 3. Nc3 Bb4 4. e3 O-O 5. Bd3 d5 6. Nge2 dxc4 7. Bxc4 c5 8. O-O cxd4 9. exd4 Nc6 10. a3 Bxc3 11. bxc3 h6 {E48: Nimzo-Indian: Rubinstein: 5 Bd3 d5 including 6 Ne2, but excluding 6 a3.} 12. Qd3 b6 {[#]} 13. Qg3 $146 {Hoping for Bxh6.} ({Predecessor:} 13. f4 Bb7 14. f5 Na5 15. Ba2 exf5 16. Qxf5 Be4 17. Qh3 Rc8 18. Bf4 Nc4 19. a4 {0-1 (38) Murali Krishnan,B (2366)-Shyam,N (2418) Aurangabad 2011}) 13... Kh8 {The position is equal.} 14. Rd1 Bb7 15. Qh3 Ne5 16. Bb3 $14 Ng6 17. Nf4 Be4 18. c4 Qc7 19. Nxg6+ (19. Qg3 $5 {[%cal Rf4g6]} Rac8 20. f3 $14) 19... Bxg6 20. Qh4 {[%cal Oc1h6]} Ne4 21. Bb2 (21. Bf4 $5 {[%cal Rf4c7]} Qd8 22. Qxd8 Raxd8 23. Rac1 $16) 21... Qd8 22. Qf4 Kh7 23. Rac1 Rc8 {[%cal Oe6e5]} 24. Re1 Nf6 25. h3 Qc7 26. Qh4 Bf5 27. d5 Nd7 $1 28. Qd4 {[%csl Gb2][%cal Rd4g7]} e5 29. Qe3 {[%cal Rb2e5]} f6 30. Qf3 Bg6 31. h4 Nc5 32. Bc2 Bxc2 33. Rxc2 Nb7 (33... e4 $15 {is more appropriate.} 34. Qd1 f5) 34. Qf5+ Kh8 35. Rec1 Qe7 36. Qg6 Qd7 37. h5 Rc7 38. Rc3 Rfc8 39. R1c2 Nd6 40. Bc1 {[#]} (40. a4 $1 $15) 40... Qf5 $2 ({Not} 40... Rxc4 41. Rxc4 Nxc4 42. Bxh6 $11) ({Worse is} 40... Nxc4 41. Bxh6 b5 42. a4 $11 (42. Rg3 Qf7 $15)) ({Black should play} 40... Nb5 $1 $19 {[%cal Rb5c3][%mdl 512]} 41. d6 Qxd6) 41. Qxf5 (41. a4 {with more complications.} Kg8 42. Ba3 Qd7 43. Qd3 Nb7 44. a5) 41... Nxf5 42. Be3 Kg8 43. Kf1 Nd6 {[%cal Rc7c4]} 44. c5 Ne4 {[%csl LRc3,LRc5]} 45. Rc4 Nxc5 {[%cal Oc5e6]} 46. d6 Rd7 (46... Rc6 {keeps more tension.} 47. Bxc5 bxc5 48. d7 Rd8 49. Rxc5 Rd6) 47. Bxc5 bxc5 ({Of course not} 47... Rxc5 48. Rxc5 bxc5 49. Rxc5 $15) 48. Rxc5 Rxc5 49. Rxc5 Rxd6 $11 {[%mdl 4096] Endgame KR-KR} 50. Rc7 (50. a4 $11) 50... Ra6 $17 51. Rc3 Ra4 52. g3 e4 53. Ke2 Ra5 54. Ke3 ({Better is} 54. g4) 54... Rf5 ({Black should try} 54... Rxh5 $17 {White must now prevent ...Rf5.} 55. Kxe4 Ra5) 55. Kxe4 (55. Rc7 $11) 55... Rxf2 (55... Rxh5 $17 56. f3 Kh7) 56. g4 Re2+ 57. Kf4 Re5 58. Rc4 Rg5 59. Ra4 a5 60. Rc4 Kf7 61. Rc7+ Ke6 62. Ra7 Kd6 63. Ra6+ Kd7 64. Rb6 Kc7 65. Ra6 Kd7 66. Rb6 Ke7 67. Ra6 Rc5 68. Ra7+ Kf8 69. Ra8+ Kf7 70. Ra7+ Kg8 71. Ra8+ Kh7 72. Ra7 $2 {[%mdl 8192]} (72. Ke4 $11) 72... Rc4+ $19 73. Kf5 Ra4 74. Ke6 Rxa3 {Black is clearly winning.} 75. Kf7 (75. Kf5 $142 Ra2 76. Ke6) 75... Ra4 76. g5 fxg5 {Weighted Error Value: White=0.19 (very precise) /Black=0.16 (very precise)} 0-1

[Event "NOR-chT Eliteserien 2021-22"]
[Site "Norway"]
[Date "2022.02.04"]
[Round "4.5"]
[White "Nordquelle, Daniel"]
[Black "Mikalsen, Odd Erling"]
[Result "1-0"]
[WhiteElo "2130"]
[BlackElo "1875"]
[Annotator "TA"]
[PlyCount "81"]
[EventDate "2021.10.29"]
[EventType "team-tourn"]
[EventCountry "NOR"]
[SourceTitle "playchess.com"]
[Source "ChessBase"]
[SourceQuality "1"]

{[%evp 9,81,22,35,10,15,10,8,0,0,0,0,0,0,0,95,0,41,5,24,14,25,35,43,-8,15,15,37,44,43,43,55,72,154,156,144,121,126,125,121,114,123,93,93,85,91,79,90,95,122,77,49,30,105,110,252,252,495,487,627,626,633,612,597,602,593,589,824,814,958,953,1005,978,962,943]} 1. e4 e6 2. d4 d5 3. Nd2 dxe4 4. Nxe4 Nd7 5. g3 Ngf6 6. Bg5 {C10: French with 3 Nc3: Unusual Black 3rd moves and 3...dxe4.} h6 7. Bxf6 Nxf6 8. Nxf6+ {The position is equal.} Qxf6 9. Bg2 {[#]} c5 $146 ({Predecessor:} 9... Bd6 10. Ne2 O-O 11. O-O Rd8 12. Nc3 Bf8 13. Ne2 c5 14. c3 cxd4 15. cxd4 Rb8 {0-1 (55) Renn,V (1936)-Gunkel,C (2029) Nordrheinwestfalen 2013}) 10. Nf3 {[%cal Bg1f3,Bf3e5,Be5c6][%mdl 32]} cxd4 11. Qxd4 Be7 {[#]} (11... Qxd4 $11 12. Nxd4 Bd7) 12. O-O {White is more active.} ({Better is} 12. Ne5 $1 $16) 12... O-O (12... Qxd4 $11 13. Nxd4 Bd7) 13. Rad1 b6 14. Ne5 Bc5 15. Qa4 {Hoping for Ng4.} b5 16. Qg4 (16. Qa5 $14 Qxe5 17. Bxa8) 16... Rb8 (16... Qxe5 $5 17. Bxa8 Qxb2 $11) 17. Nc6 Rb6 18. b4 (18. Nxa7 Qxb2 19. Qh5 Qc3 20. Nxc8 Rxc8 $11) 18... e5 19. Qf3 Qxf3 20. Bxf3 {[%cal Bg2f3,Bf3c6,Bc6b5,Bb5d3][%mdl 32]} Rxc6 21. Bxc6 $16 Bxb4 22. Rb1 (22. Bxb5 $6 Bh3 $11) 22... a5 23. Bxb5 Bf5 24. Bd3 e4 25. Be2 Rc8 26. c4 e3 27. Rb3 ({Don't do} 27. fxe3 Bxb1 28. Rxb1 Rd8 $14) 27... exf2+ 28. Kxf2 Bh3 29. Rc1 ({White should play} 29. Rfb1 {g4 is the strong threat.} Bd7 30. h4) 29... Bc5+ 30. Ke1 (30. Kf3 $5 {[%cal Rg3g4]}) 30... Re8 (30... Bb4+ $1 $11 {remains equal.} 31. Kf2 Bc5+ 32. Ke1 (32. Kf3 Re8 $16) 32... Bb4+ 33. Kf2) 31. Rb5 {[%csl LRa5,LRc5]} Bg1 {Loses the game.} (31... Ba3 $16 {was worth a try.} 32. Rcb1 Bb4+ 33. Kf2 Bd7) 32. Rcb1 $18 ({Resist} 32. Rxa5 Bg4 $18) 32... Bxh2 $2 (32... Kf8 {was necessary.} 33. Rxa5 Bg2) 33. Kf2 {White is clearly winning.} Kh7 34. Rh1 Bxg3+ 35. Kxg3 {[#] Threatens to win with Bd3+.} Bd7 36. Rb2 Re3+ 37. Kf2 Ra3 38. Rc1 g5 39. c5 {[%cal Bc4c5,Bc5c6][%mdl 32]} g4 40. c6 g3+ 41. Kg2 {Weighted Error Value: White=0.13 (very precise) /Black=0.35} 1-0

[Event "NOR-chT Eliteserien 2021-22"]
[Site "Norway"]
[Date "2022.02.04"]
[Round "4.5"]
[White "Grebstad, Kjell Borre"]
[Black "Machlik, Monika"]
[Result "1/2-1/2"]
[WhiteElo "2064"]
[BlackElo "2134"]
[Annotator "TA"]
[PlyCount "51"]
[EventDate "2021.10.29"]
[EventType "team-tourn"]
[EventCountry "NOR"]
[SourceTitle "playchess.com"]
[Source "ChessBase"]
[SourceQuality "1"]

{[%evp 12,51,19,14,26,21,31,30,24,22,28,19,20,23,46,43,44,34,40,37,38,44,45,24,30,29,19,22,44,7,20,8,37,0,40,7,7,7,7,7,11,0]} 1. d4 Nf6 2. c4 e6 3. g3 Bb4+ 4. Bd2 a5 5. Bg2 O-O 6. Nf3 b6 7. Ne5 {[#] Bxb4 is the strong threat.} Ra7 {E15: Queen's Indian: 4 g3 sidelines, 4 g3 Ba6 and 4 g3 Bb7 early deviations.} 8. O-O Bxd2 9. Qxd2 d6 {White has an edge.} 10. Nd3 Bb7 {[#]} 11. Bxb7 $146 ({Predecessor:} 11. Nc3 Bxg2 12. Kxg2 c5 13. d5 exd5 14. cxd5 a4 15. b4 Na6 16. b5 Nc7 17. Nb2 {½-½ (49) Mikhalevski,V (2631)-Fedorchuk,S (2655) Trieste 2009}) 11... Rxb7 12. Nc3 d5 13. cxd5 exd5 14. Rac1 Nc6 {[%cal Bb8c6,Bc6e7,Be7f5][%mdl 32]} 15. e3 Ne7 16. Kg2 Nf5 17. Rfd1 Re8 {[%cal Oc7c5]} 18. Nf4 Qd7 19. Qe2 Rbb8 20. h4 Rbd8 21. Qf3 h6 22. Rh1 g6 (22... c5 $5 {[%cal Rc5d4]}) 23. Nd3 {next Ne5 is good for White.} (23. g4 $5 {[%cal Rg4f5]} Ne7 24. g5 $14) 23... Ng4 {[%cal Rg4e3] [#] To avoid Ne5. White must now prevent ...Ngxe3+! The position is equal.} 24. Rhe1 h5 25. Nf4 {[%cal Rc3d5]} Nf6 26. Nd3 {Weighted Error Value: White=0.08 (flawless) /Black=0.09 (flawless)} 1/2-1/2

[Event "NOR-chT Eliteserien 2021-22"]
[Site "Norway"]
[Date "2022.02.04"]
[Round "4.6"]
[White "Hobber, Anders"]
[Black "Aulin-Jansson, Jøran"]
[Result "*"]
[WhiteElo "2385"]
[BlackElo "2215"]
[Annotator "TA"]
[PlyCount "34"]
[EventDate "2021.10.29"]
[EventType "team-tourn"]
[EventCountry "NOR"]
[SourceTitle "playchess.com"]
[Source "ChessBase"]
[SourceQuality "1"]

{[%evp 11,12,10,25]} 1. d4 c5 2. c3 Nf6 3. Nf3 cxd4 4. cxd4 d5 5. Nc3 Nc6 6. Bf4 Qb6 {[#]} {Predecessor:} 7. Na4 $146 {D13: Slav Defence: Exchange variation without ...Bf5.} Qa5+ 8. Bd2 Qd8 9. e3 e6 10. Bb5 Bd7 11. O-O Ne4 12. Rc1 Rc8 13. Nc5 Bxc5 14. dxc5 Nxd2 15. Qxd2 O-O 16. b4 Qe7 17. Be2 a6 {1-0 (80) Hungaski,R (2511)-Molina,R (2453) Buenos Aires 2017} *

[Event "NOR-chT Eliteserien 2021-22"]
[Site "Norway"]
[Date "2022.02.04"]
[Round "4.6"]
[White "Hobber, Anders"]
[Black "Aulin-Jansson, Joran"]
[Result "1/2-1/2"]
[WhiteElo "2381"]
[BlackElo "2214"]
[Annotator "TA"]
[PlyCount "63"]
[EventDate "2021.10.29"]
[EventType "team-tourn"]
[EventCountry "NOR"]
[SourceTitle "playchess.com"]
[Source "ChessBase"]
[SourceQuality "1"]

{[%evp 12,63,43,8,19,0,21,24,64,35,42,43,39,35,42,37,40,0,0,13,6,0,0,0,1,-7,7,13,10,18,20,25,16,2,7,5,35,32,69,68,72,46,49,44,49,49,55,23,28,31,27,29,25,14]} 1. d4 c5 2. c3 Nf6 3. Nf3 cxd4 4. cxd4 d5 5. Nc3 Nc6 6. Bf4 Qb6 7. Na4 Qa5+ {D13: Slav Defence: Exchange variation without ...Bf5.} 8. Bd2 Qc7 9. Rc1 Bf5 10. e3 {[%cal Of3e5]} (10. Ne5 {is more complex.} Ne4 11. e3 f6 12. Nxc6 bxc6 13. Bb5) 10... e6 11. Ne5 Nd7 {[#]} 12. Nxd7 $146 ({Predecessor:} 12. Nxc6 bxc6 13. Bb5 Nb8 14. Qb3 a6 15. Be2 Nd7 16. Qc3 Nb8 17. b4 Qd8 18. Nc5 {1-0 (64) Yellamraju,A (1506)-Desai,N (1633) Pocos de Caldas 2017}) 12... Qxd7 13. Bb5 Rc8 14. O-O Bd6 15. Nc5 Qe7 16. Qa4 {[%cal Oc5b7] [#] Strongly threatening Nxb7!} O-O 17. Qb3 Nb8 18. Bd3 b6 ({Don't play} 18... Qh4 19. g3 Qe7 20. Bxf5 (20. Nxb7 Bxd3 21. Nxd6 Qxd6 $16) 20... Bxc5 21. Rxc5 $16 (21. dxc5 exf5 22. Bc3 Qd7 $16)) (18... Bxd3 {is interesting.} 19. Nxd3 Nc6 20. Rc3 Rc7 21. Rfc1 Rfc8) 19. Bxf5 {[%cal Oc5e6] Black must now prevent Nxe6!} bxc5 20. dxc5 Rxc5 21. Rxc5 Bxc5 22. Bd3 Nd7 23. Rc1 f5 24. Qa4 Nb6 25. Qb5 Nd7 26. Qa6 Bb6 27. b4 Ne5 {[%cal Of5f4]} 28. Be2 Rd8 29. Rc8 {Rxd8+ is the strong threat.} Kf7 30. Rxd8 Qxd8 31. Qb7+ Qc7 32. Qxc7+ {Weighted Error Value: White=0.08 (flawless) /Black=0.07 (flawless)} 1/2-1/2

[Event "NOR-chT Eliteserien 2021-22"]
[Site "Norway"]
[Date "2022.02.04"]
[Round "4.6"]
[White "Schouten, Mathias Lind"]
[Black "Andreassen, Pal Morten"]
[Result "1-0"]
[WhiteElo "2170"]
[BlackElo "2076"]
[Annotator "TA"]
[PlyCount "81"]
[EventDate "2021.10.29"]
[EventType "team-tourn"]
[EventCountry "NOR"]
[SourceTitle "playchess.com"]
[Source "ChessBase"]
[SourceQuality "1"]

{[%evp 12,81,-10,-17,18,-9,27,-26,27,21,46,-3,39,55,47,42,75,71,81,72,88,92,83,93,78,66,124,121,147,124,155,159,264,86,109,18,16,21,149,0,139,131,135,119,204,-26,183,206,204,197,189,181,253,245,867,446,1000,992,901,886,1179,1178,1236,1137,1271,1224,29991,29992,29993,29994,29996,29994]} 1. d4 Nf6 2. c4 e6 3. Nc3 Bb4 4. Qc2 c5 5. e3 O-O 6. a3 Bxc3+ 7. Qxc3 b6 {E38: Nimzo-Indian: Classical: 4...c5.} 8. Nf3 Bb7 9. Bd3 (9. dxc5 $142 bxc5 10. b4) 9... Nc6 ({Black should try} 9... cxd4 10. exd4 Bxf3 11. gxf3 Nc6) 10. O-O Rc8 11. b4 (11. dxc5 $14 {should be considered.} bxc5 12. Rd1) 11... d5 (11... cxd4 $11 {deserves consideration.} 12. exd4 Ne7) 12. dxc5 $14 bxc5 13. Rd1 Qb6 {[%cal Rc5b4]} 14. b5 Na5 15. Ne5 {[#]} Rfd8 $146 ({Predecessor:} 15... Qc7 16. Bb2 Rfd8 17. Ng4 Ne8 18. Nh6+ Kf8 19. Ng4 Kg8 20. a4 d4 21. exd4 cxd4 {½-½ (44) Abrantes,P (2003)-Mwali,C (2356) Durban 2017}) 16. Bb2 $1 {White is more active.} dxc4 17. Nxc4 Nxc4 18. Bxc4 {This bishop pair is nice.} Bd5 (18... Rxd1+ $1 $14 19. Rxd1 Bd5) 19. Bf1 $16 c4 20. a4 a6 21. bxa6 Rb8 {[#]} (21... Qxa6 $16 {is a better defense.} 22. a5 Re8) 22. Rab1 $2 ({Less strong is} 22. a7 Qxa7 23. a5 (23. Bxc4 Rdc8 $15) 23... Rb3 $16) (22. e4 $1 $18 {[%cal Re4d5] is the precise move to win.}) 22... Qxa6 23. e4 ({Better is} 23. a5 $16) 23... Bxe4 $11 24. Qg3 $1 {[%cal Ob2f6] Bxf6! would kill now.} Nh5 (24... Bxb1 $2 25. Bxf6 Bg6 26. Bxd8 $18) (24... e5 $11 {remains equal.} 25. Rbc1 Bd3 26. Bxe5 Ra8) 25. Rxd8+ $40 {[%mdl 128] White is up to no good.} Rxd8 26. Qh4 {[%csl LRd8,LRe4,LRh5][%cal Rh4d8]} Qa8 {[#]} 27. Rc1 Nf6 (27... Bg6 $16 {was worth a try.}) 28. Rxc4 $2 (28. Bxf6 $18 gxf6 29. Rxc4 (29. Qxf6 Bd3 $14)) 28... Bd3 $2 {Black cannot hold the game after this.} (28... Rd1 $11 {and Black stays safe.} 29. Rc1 (29. Bxf6 $2 Bd3 $19) 29... Rxc1 30. Bxc1 Qxa4) 29. Bxf6 $18 gxf6 30. Rg4+ ({Weaker is} 30. Bxd3 Rxd3 31. h3 Qb8 $11) 30... Bg6 31. Qxf6 Rd1 {[#]} (31... Qa5 $142 32. Rg5 Qd2) 32. Rd4 $1 Bc2 (32... Rxd4 33. Qxd4 Qa5) 33. Qg5+ Kh8 (33... Kf8 $142 34. Qe5 Kg8 35. Qg3+ Kh8) 34. Qe5+ Kg8 35. Qg3+ Kh8 36. Rb4 Rb1 37. Qc3+ Kg8 38. Rc4 {Rc8+ is the strong threat.} Qxg2+ 39. Kxg2 {[%cal Rc4c8] White mates.} Be4+ 40. Rxe4 Rd1 41. Kg1 {Weighted Error Value: White=0.38/Black=0.80} 1-0

[Event "NOR-chT Eliteserien 2021-22"]
[Site "Norway"]
[Date "2022.02.04"]
[Round "4.6"]
[White "Gvein, Kenneth"]
[Black "Dahl, Max"]
[Result "1/2-1/2"]
[WhiteElo "2163"]
[BlackElo "2038"]
[Annotator "TA"]
[PlyCount "117"]
[EventDate "2021.10.29"]
[EventType "team-tourn"]
[EventCountry "NOR"]
[SourceTitle "playchess.com"]
[Source "ChessBase"]
[SourceQuality "1"]

{[%evp 14,117,-10,-6,7,-8,13,0,9,-34,-25,-27,-40,-44,-49,-46,-51,-65,-57,-62,-33,-53,-29,-49,-16,-28,-25,-24,-22,-46,-33,-52,-54,-59,-44,-62,-59,-66,-56,-106,-98,-98,-94,-105,-93,-89,-21,-106,-102,-104,-101,-102,-87,-116,-113,-115,-96,-97,-107,-113,-91,-93,-91,-90,-92,-125,0,-89,-87,-116,-114,-129,-98,-125,-77,-85,-83,-83,-77,-97,-77,-77,-77,-83,-83,-114,-33,-44,0,0,0,0,0,0,0,0,0,0,0,0,0,0,0,0,0,0]} 1. Nf3 d5 2. c4 e6 3. cxd5 exd5 4. g3 Nf6 5. Bg2 c6 6. O-O Be7 $1 {[%mdl 4] is more profitable than 6...Bd6 at the moment.} 7. d3 O-O 8. Nc3 Bg4 {A13: English Opening: 1...e6.} (8... d4 $5 {[%cal Rd4c3]} 9. Ne4 Be6 $11) 9. h3 Bh5 (9... Bxf3 $5 10. Bxf3 Nbd7 $11) 10. Qb3 Qb6 {[#]} 11. Qxb6 $146 (11. e4 $11 {feels stronger.}) ({Predecessor:} 11. Qc2 Nbd7 12. a3 a5 13. Rb1 Rfc8 14. Na4 Qa6 15. g4 Bg6 16. Nh4 b5 17. Nc3 {1-0 (43) Kalnins,K (2309)-Antonivs,V (1964) Riga 2018}) 11... axb6 $15 12. g4 Bg6 13. Ne5 Nbd7 14. Nxg6 hxg6 15. Bf4 b5 16. a3 Rfe8 17. Rfd1 Nb6 (17... d4 $5 {[%cal Rd4c3]} 18. Ne4 Nxe4 19. dxe4 Nc5 $15) 18. Rac1 Na4 (18... d4 $5 {[%cal Rd4c3]} 19. Ne4 Nfd5 $15) 19. Nxa4 Rxa4 20. Bd2 b4 21. axb4 (21. Rc2 {feels hotter.} bxa3 22. bxa3 Bd6 23. g5 Nh5 24. e3) 21... Bxb4 22. Bf3 Bxd2 23. Rxd2 g5 24. d4 Rea8 25. e3 Ne8 26. e4 (26. Bd1 $15 R4a6 27. Rb1) 26... dxe4 $17 27. Bxe4 Rd8 28. Rcd1 Rb4 29. Bf3 Nf6 (29... Nd6 $17 30. d5 Nc4) 30. Kh2 (30. d5 $11) 30... Nd5 31. Be4 g6 32. Kg3 Rb3+ (32... Nf4 {keeps more tension.} 33. Bf3 Rb3 34. h4 f6 35. Re1 Kf7) 33. f3 Nf6 34. Kg2 Kg7 35. Re1 Rb4 36. Red1 Nd5 37. Bxd5 Rxd5 {[%mdl 4096] Endgame KRR-KRR} ({Much worse is} 37... cxd5 $6 38. Rc1 $11) 38. Kg3 Rdb5 39. Rb1 Rd5 40. Rbd1 Rb3 41. Kf2 Rdb5 42. Rb1 Kf6 43. Kg3 R5b4 (43... Re3 $142 44. Ra1 Rbb3) 44. d5 {[#]} cxd5 45. Rxd5 Rxb2 46. Re1 R2b3 47. Rd6+ Kg7 48. Rd7 b5 49. Rd5 {[#]} Rf4 (49... Kh6 $1 $17 50. Kf2 Rc4) 50. Rf1 $15 b4 (50... Kh6 $15 {is more appropriate.}) 51. Rxg5 $11 {The position is equal.} Rc4 52. Rb5 Rcc3 53. g5 Rb2 54. Rb7 Rc5 55. h4 Rb3 56. Kg4 Rb2 57. Kg3 Rb3 58. Kg4 Rb2 59. Kg3 {Weighted Error Value: White=0.12 (very precise) /Black=0.16 (very precise)} 1/2-1/2

[Event "NOR-chT Eliteserien 2021-22"]
[Site "Norway"]
[Date "2022.02.04"]
[Round "4.6"]
[White "Brasoy, Aksel"]
[Black "Thanke, Bror"]
[Result "0-1"]
[WhiteElo "1893"]
[BlackElo "2143"]
[Annotator "TA"]
[PlyCount "68"]
[EventDate "2021.10.29"]
[EventType "team-tourn"]
[EventCountry "NOR"]
[SourceTitle "playchess.com"]
[Source "ChessBase"]
[SourceQuality "1"]

{[%evp 14,68,-8,-12,95,1,4,0,18,-7,-22,-27,-28,-35,0,-3,0,0,0,0,0,0,0,0,0,0,0,0,0,0,0,0,8,-91,-78,-94,-98,-163,-161,-235,-226,-185,-185,-241,-83,-433,-431,-408,-401,-290,-275,-351,-347,-316,-254,-1093,-1078]} 1. d4 Nf6 2. c4 e6 3. Nc3 Bb4 4. Bd2 O-O 5. e3 d5 6. Nf3 b6 7. Be2 Bb7 8. O-O {[%cal Oc3d5]} Nbd7 {[#] E51: Nimzo-Indian: Rubinstein: 4...0-0 5 Nf3 d5.} (8... Bd6 $11) 9. cxd5 (9. Nxd5 $1 $16 Bd6 (9... Nxd5 10. cxd5) 10. Nc3) 9... exd5 $11 10. Rc1 a6 {The position is equal.} 11. a3 Bd6 12. b4 Ne4 13. Qb3 Ndf6 {[#]} 14. Rfd1 $146 ({Predecessor:} 14. Rc2 Re8 15. Rfc1 Ng4 16. Nxe4 dxe4 17. Ne5 Nxe5 18. dxe5 Rxe5 19. Bc3 Rg5 20. Rd1 {½-½ (39) Van Hecke,J (1714)-Allaert,D (2067) Ostend 2008}) 14... Re8 15. Be1 Qe7 16. Nxe4 Nxe4 17. a4 Rac8 18. Rc2 c6 19. h3 Bb8 20. Rdc1 Qd6 21. g3 Qe6 22. Kg2 h5 23. b5 (23. h4 $11 {remains equal.}) 23... axb5 $17 24. axb5 c5 {Black is more active.} 25. dxc5 (25. Qd3 $17) 25... bxc5 $19 {[%cal Bb6c5,Bc5c4][%mdl 32]} ({Weaker is} 25... Nxc5 26. Qb1 $15) (25... Rxc5 26. Nd4 Qg6 27. h4 $11) 26. Kh2 (26. Kg1 {was worth a try.}) 26... Qh6 27. h4 Re6 $1 28. Nd4 {[#]} (28. b6 $142) 28... Rf6 $2 (28... Nxg3 $1 $19 {[%mdl 512] has better winning chances.} 29. fxg3 Rxe3) 29. f3 $2 {[%mdl 8192] [#] Loses the game.} (29. Bf3 $17 Qg6 30. Kg1 (30. Bxe4 Qxe4 31. Kg1 c4 $17)) 29... c4 $1 30. Qa3 {[#]} Bd6 $1 31. Qa7 Nc5 32. f4 Ra8 33. Qb6 Qg6 {[%cal Od6f4] ...Bxf4! is the strong threat.} 34. Bc3 $2 {[#]} (34. Nc6 Bf8 35. Bb4 (35. Bc3 $2 Bxc6 36. Bxf6 Bd7 $19)) 34... Bxf4 $1 {[%mdl 512] Weighted Error Value: White=0.70/Black=0.21 (precise)} 0-1